Ulice z torowiskiem tramwajowym w Poznaniu - Statystyki

Ogólne statystyki
  • Ten quiz został rozwiązany 33 razy
    31 od ostatniego zresetowania
  • Średni wynik to 20 z 66
Statystyki odpowiedzi
Odpowiedź % Poprawnych
Dąbrowskiego
83%
Hetmańska
79%
Głogowska
76%
Grunwaldzka
72%
Kórnicka
62%
Królowej Jadwigi
62%
Naramowicka
62%
Starołęcka
62%
Warszawska
59%
Bukowska
55%
Święty Marcin
55%
Aleje Marcinkowskiego
48%
Roosevelta
48%
Wierzbięcice
48%
Winogrady
48%
Żegrze
48%
27 Grudnia
45%
Jana Pawła II
45%
Matyi
45%
Piątkowska
45%
Fredry
41%
Małe Garbary
41%
Gwarna
38%
Aleje Solidarności
34%
Kraszewskiego
34%
Wyszyńskiego
34%
Górna Wilda
31%
Murawa
31%
Reymonta
31%
Szwajcarska
31%
Zamenhofa
31%
Aleja Praw Kobiet
28%
Aleja Wielkopolska
28%
Przybyszewskiego
28%
Ratajczaka
28%
Unii Lubelskiej
28%
Estkowskiego
24%
Zwierzyniecka
24%
Podwale
21%
Przełajowa
21%
Pułaskiego
21%
Strzelecka
21%
23 lutego
17%
Chartowo
17%
Pamiątkowa
17%
Piaśnicka
17%
Wołyńska
17%
28 Czerwca 1956 roku
14%
Mielżyńskiego
14%
Mostowa
14%
Podgórna
14%
Towarowa
14%
Wolnica
14%
Krzywoustego
10%
Lewandowskiej
10%
Małopolska
10%
Plac Wolności
10%
Dowbora-Muśnickiego
7%
Zielona
7%
Gajowa
3%
Madalińskiego
3%
Winiarska
3%
Witosa
3%
Zachodnia
3%
Dziekańska
0%
Sczanieckiej
0%
Nie znaleziono quizów pasujących do podanych kryteriów
Rozkład punktacji
Procent ludzi z każdym wynikiem
Percentyl według liczby udzielonych odpowiedzi
Twoja historia wyników
Nie rozwiązałeś tego quizu od ostatniego zresetowania